000
00310nam a2200157Ia 4500
100
_a
Robert ludlum
650
_a
Ficiton
942
_c
BK
366
_f
20
245
_a
Bourne Supremacy
260
_b
Bantam Books
_c
2004
082
_a
808.83/ROB
_b
ROB
300
_a
646
546
_a
ENGLISH
999
_c
35651
_d
35651